000 00656nam a22001937a 4500
999 _c11863
_d11863
003 AR-CdUCM
008 190405b ||||| |||| 00| 0 spa d
040 _aMUNICIPALIDAD PROVINCIAL DEL CUSCO
_cBIBLIOTECA MUNICIPAL DEL CUSCO
082 _a915.694 /
_bC97
100 _aCuneo-Vidal, R.
_929440
245 _aTierra Santa /
260 _aBarcelona :
_bEditorial Maucci,
300 _a286 paginas ;
_c16 cm
505 _aContenido :Navegando --Rememorando --Port-Said --Con rumbo a jaffa --Jaffa --Con rumbo a jerusalem -- La ciudad Santa --Ain Karen ...
650 _aGeografia
_9318
650 _aViajes
_9856
942 _2ddc
_cLIBROS
945 _arjall